Online
Catalog

Monedas dominicanas : (Record no. 35494)

MARC details
000 -CABECERA
campo de control de longitud fija 00912nam a2200253 a 4500
001 - NÚMERO DE CONTROL
campo de control 000036003
003 - IDENTIFICADOR DEL NÚMERO DE CONTROL
campo de control OSt
005 - FECHA Y HORA DE LA ÚLTIMA TRANSACCIÓN
campo de control 20201130135138.0
008 - DATOS DE LONGITUD FIJA--INFORMACIÓN GENERAL
campo de control de longitud fija 111122s1979 dr a 000 0 spa d
040 ## - FUENTE DE LA CATALOGACIÓN
Centro catalogador/agencia de origen DO-SdBNP
Lengua de catalogación spa
Centro/agencia transcriptor BNPHU
082 ## - NÚMERO DE LA CLASIFICACIÓN DECIMAL DEWEY
Número de clasificación xxxx
Número de documento/Ítem E82m
100 1# - ENTRADA PRINCIPAL--NOMBRE DE PERSONA
Nombre de persona Estrella Gómez, Miguel
9 (RLIN) 62039
Fechas asociadas al nombre 1952-
245 10 - MENCIÓN DE TÍTULO
Título Monedas dominicanas :
Resto del título desde el descubrimiento hasta nuestros dias (1492-1979) /
Mención de responsabilidad, etc. Miguel Estrella Gómez ; dibujos Ludovino Morel ; fotografías Max Pou, Reyes Vélez
260 ## - PUBLICACIÓN, DISTRIBUCIÓN, ETC.
Lugar de publicación, distribución, etc. Santo Domingo :
Nombre del editor, distribuidor, etc. Amigo del Hogar,
Fecha de publicación, distribución, etc. 1979.
300 ## - DESCRIPCIÓN FÍSICA
Extensión 640 p. :
Otras características físicas il. ;
Dimensiones 22 cm.
504 ## - NOTA DE BIBLIOGRAFÍA, ETC.
Nota de bibliografía, etc. Incluye referencias bibliográficas y notas al pie de las páginas
504 ## - NOTA DE BIBLIOGRAFÍA, ETC.
Nota de bibliografía, etc. Bibliografías p: 639-640
590 ## - NOTA LOCAL (RLIN)
Nota local Inventariado, 2020/ YL
700 12 - PUNTO DE ACCESO ADICIONAL--NOMBRE DE PERSONA
Nombre de persona morel, Ludovino
Término indicativo de función/relación il.
9 (RLIN) 76777
700 12 - PUNTO DE ACCESO ADICIONAL--NOMBRE DE PERSONA
Nombre de persona Pou, Max
Término indicativo de función/relación fot.
9 (RLIN) 76778
700 12 - PUNTO DE ACCESO ADICIONAL--NOMBRE DE PERSONA
Nombre de persona Velez, Reyes
Término indicativo de función/relación fot.
9 (RLIN) 76779
910 ## - DATOS DE OPCIÓN DEL USUARIO (OCLC)
Datos de opción del usuario YLockward
942 ## - ELEMENTOS DE PUNTO DE ACCESO ADICIONAL (KOHA)
Fuente del sistema de clasificación o colocación Dewey Decimal Classification
Tipo de ítem Koha Libros y folletos
Holdings
Estado de retiro Estado de pérdida Fuente del sistema de clasificación o colocación Restricciones de uso No para préstamo Código de colección Localización permanente Ubicación/localización actual Ubicación en estantería Fecha de adquisición Fuente de adquisición Número de inventario Total de préstamos Signatura topográfica completa Código de barras Fecha visto por última vez Número de copia Precio válido a partir de Tipo de ítem Koha Nota pública Coste, precio normal de compra
    Dewey Decimal Classification Préstamo en sala   Dominicana de Servicio General General En catalogación 09.07.1982 Obsequio José García Aybar LF1   xxxx E82m 36003-30 25.06.2020 e. 3 25.06.2020 Libro y Folleto Colección Dominicana de Servicio    
    Dewey Decimal Classification Préstamo en sala   Dominicana de Servicio General General En catalogación 31.07.2013 Flia. Reyes Duluc LF1   xxxx E82m 2020-0111 07.10.2020 e. 4 25.06.2020 Libro y Folleto Colección Dominicana de Servicio    
    Dewey Decimal Classification Préstamo en sala   Dominicana de Servicio General General En catalogación 07.10.2020 Compra a Pascal Peña LF1   xxxx E82m 2020-0112 07.10.2020 e. 5 25.06.2020 Libro y Folleto Colección Dominicana de Servicio   45.60
    Dewey Decimal Classification   Excluido de préstamo Patrimonio Dominicano Patrimonio Dominicano Patrimonio Dominicano En catalogación 06.10.2013 Flia. Reyes Duluc LF1   xxxx E82m 36003-10 25.06.2020   25.06.2020 Libro y Folleto Colección Patrimonio Dominicano    
    Dewey Decimal Classification   Excluido de préstamo Patrimonio Dominicano Patrimonio Dominicano Patrimonio Dominicano En catalogación 06.10.2013 Obsequio Sonia Ginebra LF1   xxxx E82m 36003-20 25.06.2020 e. 2 25.06.2020 Libro y Folleto Colección Patrimonio Dominicano Perteneció a la biblioteca personal del Dr. Guaroa Ginebra H.  

Powered by Koha